000 00485nam a2200169Ia 4500
008 090711s9999 xx 000 0 und d
082 _b74491
100 _aSाव्हाण रामनाथ
245 _aनिळी पहाट
260 _c1993
300 _a116
600 _aSाव्हाण रामनाथ
630 _aनिळी पहाट
700 _aSाव्हाण रामनाथ
730 _aनिळी पहाट
942 _cBOOK
999 _c293125
_d293125